00625nam a2200181Ia 4500008004100000040001800041041000800059100003400067245006600101260006900167300001800236490003800254504002100292600002200313600005800335650002600393650002400419130821s1996 ck gr spa  aCo-BoUCMbspa aspa aHernandez de Mendoza, Cecilia aLa poesía de Gerardo ValenciacCecilia Hern ndez de Mendoza aBogotá (Cundinamarca, Colombia)bInstituto Caro y Cuervoc1996 a140 páginas aSerie la Granada Entreabierta, 79 aIncluye índice aValencia, Gerardo aValencia, GerardoxCrítica e interpretación, etc.04aLiteratura colombiana04aPoesía colombiana